000 00486nam a2200193Ia 4500
003 OSt
005 20230522143200.0
008 210423s2002 xx 000 0 und d
040 _cAL
041 _aeng
082 _a658.3
_223
_bHARE
100 _aHARRISON (Rosemary)
_9110278
245 _aEmployee development
260 _bCrest Publishing House
_c2002
365 _b475
_cINR
650 _aPersonnel Management
_9110279
906 _adevelopment ; Employee
942 _2ddc
_cBK
999 _c172658
_d172658